| 000 | 00515cam a2200169ua 4500 | ||
|---|---|---|---|
| 020 | _c35.00 | ||
| 041 |
_aeng _h |
||
| 082 |
_a634.99 _bSIN/PO |
||
| 100 | _aSingh, G.B . | ||
| 245 |
_aPotential application of agroforestry systems from Indian sub continent to the analogous ecozones of Africa / _cG.B Singh. _hTextual Documents |
||
| 260 |
_aNew Delhi : _bIndian Council for Agricultural Research , _c1997. |
||
| 300 | _a82 ; . | ||
| 365 | _a35.00 | ||
| 504 | _a | ||
| 942 | _cBK | ||
| 999 |
_c12052 _d12052 |
||